00435nam a2200181Ia 4500008004100000020001800041041000800059082001500067100001700082260003100099245002100130245003600151250000800187300000800195650001500203650001400218700002100232220805s9999 xx 000 0 und d a0-7134 8653 8 aeng a746.440 28 aGrey, Maggie aLondonbB T Batsfordc2001 aLayers of stitch bContemporary machine embroidery a1st a128 aEmbroidery aStitching aValerle Campbell